Catálogo público

(Record no. 184140)

MARC details
000 -CABECERA
campo de control de longitud fija 00747nam a2200229Ia 4500
001 - NÚMERO DE CONTROL
campo de control IA_4692,27/02/2012,27/02/2012,5232272010 mx bmdl8223123322spa16,"
008 - DATOS DE LONGITUD FIJA--INFORMACIÓN GENERAL
campo de control de longitud fija 220117sCarmen xx 000 0 und d
010 ## - NÚMERO DE CONTROL DE LA BIBLIOTECA DEL CONGRESO
Número de control de LC 184140
090 ## - LOCALMENTE ASIGNADO TIPO-LC NÚMERO DE CLASIFICACIÓN (OCLC); NÚMERO DE CLASIFICACIÓN LOCAL (RLIN)
Número de clasificación (OCLC) (R) ; Numero de clasificación, CALL (RLIN) (NR) Tesis A53 2010
100 ## - ENTRADA PRINCIPAL--NOMBRE DE PERSONA
Nombre de persona Anastasio Felipe
9 (RLIN) 156439
260 ## - PUBLICACIÓN, DISTRIBUCIÓN, ETC.
Lugar de publicación, distribución, etc. México :
Nombre del editor, distribuidor, etc. El autor,
Fecha de publicación, distribución, etc. Carmen
300 ## - DESCRIPCIÓN FÍSICA
Extensión xii
500 ## - NOTA GENERAL
Nota general El CD contiene reporte
502 ## - NOTA DE TESIS
Nota de tesis Tesis (Ingeniero Agrónomo Especialista en Ingeniería Agroindustrial) -- UACh. Departamento de Ingeniería Agroindustrial
901 ## - ELEMENTOS DE DATOS A LOCAL LDA (RLIN)
a en Chekubul
902 ## - ELEMENTOS DE DATOS B LOCAL, LDB (RLIN)
a Carmen
903 ## - ELEMENTOS DE DATOS C LOCAL, LDC (RLIN)
a Campeche.
904 ## - ELEMENTOS DE DATOS D LOCAL, LDD (RLIN)
a Carmen
942 ## - ELEMENTOS DE PUNTO DE ACCESO ADICIONAL (KOHA)
Tipo de ítem Koha

No items available.